000 01320cam a2200349 i 4500
001 9617
003 Mx-PuUPA
005 20220221132233.0
008 140415s1989 sp a gre 001 0 spa d
017 _aM. 6.973-1966
020 _a8423952185
_qtomo 18
040 _aMx-PuUPA
_bspa
_cMx-PuUPA
_dMx-PuUPA
_erda
041 0 _aspa
100 1 _aCamón Aznar, José,
_eautor
245 1 3 _aLa escultura y la rejería españolas del siglo XVI /
_cdirigida por José Pijoán ; por José Camón Aznar
250 _aSexta edición
264 1 _aMadrid :
_bEspasa-Calpe,
_c1989
_c©1961
300 _ax, 558 páginas, xxix hojas :
_bilustraciones, láminas (algunas a color) ;
_c28 cm
336 _2rdacontent
_atexto
_btxt
336 _2rdacontent
_aimagen fija
_bsti
337 _2rdamedia
_asin medio
_bn
338 _2rdacarrier
_avolumen
_bnc
490 1 _aSumma artis, historia general del arte ;
_v18
650 7 _aArte
_xHistoria
_2armarc
655 7 _2armarc
_aEnciclopedias
700 1 _aPijoán, José,
_edirector
785 0 0 _aRivière, Jean Roger,
_bQuinta edición
_dMadrid : Espasa-Calpe, 1989
_tEl arte de la China
_w(Mx-PuUPA) 10415
_z8423952207
830 0 _912114
_aSumma artis, historia general del arte
_v18
942 _2ddc
_cLI
_h709
_iS955
999 _c9617
_d9617